Представление документа в формате MARC21

Поле Инд. ПП Название Значение
Тип записи a
Библиографический уровень m
001 Контрольный номер RU/IS/BASE/182440614
005 Дата корректировки 20230714095120.8
040 b Код языка каталог. rus
041 0_ a Код языка текста rus
080 00 a Индекс УДК 004.42
084 a Индекс другой классификации/Индекс ББК 32.973
090 00 a Полочн. индекс 681.3
x Авторский знак С91
097 b Оператор 11
100 10 a Автор Сучков Д. И.
245 00 a Заглавие Проектирование печатных плат в САПР Р-CAD 4.5, P-CAD 8.5 и ACCEL EDA
260 00 a Место издания М.
b Издательство Малип
c Дата издания 1998
300 00 a Объем 576 с.
b Иллюстрации/ тип воспроизводства ил.
e Сопроводительные материалы CD-ROM
510 0_ a Примечание о ссылках Книги и методические пособия
650 04 a Основная рубрика 50.41 Программное обеспечение вычислительных машин, комплексов и сетей
x Основная подрубрика 50.41.25 Прикладное программное обеспечение
653 00 a Ключевые слова печатные платы; программное обеспечение; программы (выч. техника); прикладные программы; системы автоматического проектирования; P-CAD; accel eda; автоматизация проектирования
901 t Тип документа m